Lidé v procesech řízení multikulturní dimenze podnikání
Uložené v:
| Hlavný autor: | |
|---|---|
| Médium: | Kniha |
| Jazyk: | Czech |
| Vydavateľské údaje: |
Praha
Professional Publishing
2007
|
| Predmet: | |
| Tagy: |
Žiadne tagy, Buďte prvý, kto otaguje tento záznam!
|
MARC
| LEADER | 00000nam$a2200000$$$4500 | ||
|---|---|---|---|
| 001 | 0077629 | ||
| 005 | 20240313085958.6 | ||
| 020 | |a 978-80-86946-28-3 | ||
| 041 | 0 | |a cze | |
| 044 | |a CZ | ||
| 245 | 1 | 0 | |a Lidé v procesech řízení |b multikulturní dimenze podnikání |c Růžena Petříková a kol. |
| 264 | 1 | |a Praha |b Professional Publishing |c 2007 | |
| 300 | |a 215 s. | ||
| 610 | 2 | 0 | |a riadenie podnikové |
| 610 | 2 | 0 | |a riadenie znalostí |
| 610 | 2 | 0 | |a vzťahy pracovné |
| 610 | 2 | 0 | |a komunikácia |
| 610 | 2 | 0 | |a synergia |
| 610 | 2 | 0 | |a podnikanie |
| 610 | 2 | 0 | |a etika podnikateľská |
| 610 | 2 | 0 | |a podnik multinacionálny |
| 610 | 2 | 0 | |a kultúra podniková |
| 610 | 2 | 0 | |a systémy riadenia |
| 610 | 2 | 0 | |a modely riadenia |
| 610 | 2 | 0 | |a práca s ľuďmi |
| 610 | 2 | 0 | |a motivácia pracovná |
| 610 | 2 | 0 | |a úspech pracovný |
| 610 | 2 | 0 | |a normy medzinárodné |
| 610 | 2 | 0 | |a normy pracovné |
| 610 | 2 | 0 | |a Kaizen |
| 100 | 1 | |a Petříková, Růžena | |